[Event "Saarland-ch MB 89th"]
[Site "Stennweiler"]
[Date "2014.04.15"]
[Round "5"]
[White "Ebel, Nicolas"]
[Black "Sadjjadi, Said"]
[Result "1-0"]
[WhiteElo "2058"]
[BlackElo "2018"]
[PlyCount "33"]
[EventDate "2014.04.11"]
[EventType "swiss"]
[EventRounds "9"]
[EventCountry "GER"]
[SourceTitle "EXT 2016"]
[Source "ChessBase"]
[SourceDate "2015.10.08"]
[SourceVersion "1"]
[SourceVersionDate "2015.10.08"]
[SourceQuality "1"]

1. d4 d5 2. Nf3 Nf6 3. e3 Bg4 4. c4 e6 5. Qb3 dxc4 6. Bxc4 Bxf3 7. gxf3 b6 8. Nc3 Be7 9. Rg1 Nbd7 10. Rxg7 c6 11. e4 h6 12. Bxe6 fxe6 13. Qxe6 Nb8 14. Qf7+ Kd7 15. Qxf6 Rf8 16. Qh4 Kc8 17. Qxe7 1-0

[Event "Saarland-ch MB 89th"]
[Site "Stennweiler"]
[Date "2014.04.13"]
[Round "3"]
[White "Sadjjadi, Said"]
[Black "Ripperger, Reinhold"]
[Result "0-1"]
[WhiteElo "2018"]
[BlackElo "1979"]
[PlyCount "96"]
[EventDate "2014.04.11"]
[EventType "swiss"]
[EventRounds "9"]
[EventCountry "GER"]
[SourceTitle "EXT 2016"]
[Source "ChessBase"]
[SourceDate "2015.10.08"]
[SourceVersion "1"]
[SourceVersionDate "2015.10.08"]
[SourceQuality "1"]

1. e4 e6 2. f4 d5 3. e5 c5 4. Nf3 Nc6 5. c4 Nge7 6. cxd5 Nxd5 7. g3 Be7 8. Nc3 0-0 9. a3 f6 10. exf6 Bxf6 11. Ne4 e5 12. Bc4 Bf5 13. Nxf6+ Rxf6 14. Qb3 Be4 15. 0-0 Na5 16. Qc3 exf4 17. Ng5 b5 18. Nxe4 Nxc4 19. Nxf6+ Nxf6 20. d3 Nd5 21. Qb3 Na5 22. Qxb5 Rb8 23. Qa6 Nb3 24. Qe6+ Kh8 25. Rb1 Nd4 26. Qe1 f3 27. Be3 Nc2 28. Qd2 Ncxe3 29. Rxf3 Qe7 30. Rc1 Rf8 31. Rxf8+ Qxf8 32. Qf2 Qxf2+ 33. Kxf2 Ng4+ 34. Kg2 Kg8 35. b4 cxb4 36. axb4 Nxb4 37. Rc4 Ne3+ 38. Kf3 Nxc4 39. dxc4 Kf7 40. Ke4 Ke6 41. Kd4 Kd6 42. h4 a5 43. g4 a4 44. h5 a3 45. Kc3 Kc5 46. g5 a2 47. Kb2 Kxc4 48. Ka1 Kb3 0-1